| Tag |
First Indicator |
Second Indicator |
Subfields |
| LEADER |
00000cam a22000004a 4500 |
| 001 |
in00002427821 |
| 005 |
20160106094938.0 |
| 008 |
080418s2008 nmuab b 001 0 eng |
| 010 |
|
|
|a 2008017632
|
| 015 |
|
|
|a GBA8B7209
|2 bnb
|
| 016 |
7 |
|
|a 014772405
|2 Uk
|
| 020 |
|
|
|a 9780826333124 (cloth : alk. paper)
|
| 020 |
|
|
|a 0826333125 (cloth : alk. paper)
|
| 035 |
|
|
|a (OCoLC)ocn226038185
|
| 035 |
|
|
|a (OCoLC)226038185
|
| 040 |
|
|
|a DLC
|c DLC
|d YDX
|d YDXCP
|d BTCTA
|d BAKER
|d UKM
|d UtOrBLW
|
| 043 |
|
|
|a n-usp--
|a n-cn-bc
|
| 049 |
|
|
|a TXAM
|
| 050 |
0 |
0 |
|a HT123.5.W48
|b A33 2008
|
| 082 |
0 |
0 |
|a 307.760978
|2 22
|
| 100 |
1 |
|
|a Abbott, Carl,
|d 1944-
|
| 245 |
1 |
0 |
|a How cities won the West :
|b four centuries of urban change in western North America /
|c Carl Abbott.
|
| 264 |
|
1 |
|a Albuquerque :
|b University of New Mexico Press,
|c 2008.
|
| 300 |
|
|
|a x, 347 pages :
|b illustrations, maps ;
|c 24 cm.
|
| 336 |
|
|
|a text
|b txt
|2 rdacontent
|
| 337 |
|
|
|a unmediated
|b n
|2 rdamedia
|
| 338 |
|
|
|a volume
|b nc
|2 rdacarrier
|
| 490 |
1 |
|
|a Histories of the American frontier
|
| 504 |
|
|
|a Includes bibliographical references (pages 291-334) and index.
|
| 505 |
0 |
|
|a Introduction: All roads lead to Fresno -- Outposts of empires -- Building a West of cities, 1840-1940 -- Across the wide Mississippi -- The first Pacific century -- Inland empire cities -- Garden cities -- Smokestack frontiers -- Money in the air -- Cities of homes -- Water, power, progress -- The metropolitan West since 1940 -- Wars and rumors of war -- Progress and prejudice -- The politics of diversity -- Reshaping the metropolis -- Transnational urbanism -- The long arm of the metropolitan West -- Conclusion: Urban frontiers.
|
| 650 |
|
0 |
|a Cities and towns
|z West (U.S.)
|x History.
|
| 650 |
|
0 |
|a Cities and towns
|z West (U.S.)
|x Growth.
|
| 650 |
|
0 |
|a Cities and towns
|z Canada, Western
|x History.
|
| 650 |
|
0 |
|a Cities and towns
|z Canada, Western
|x Growth.
|
| 650 |
|
0 |
|a Metropolitan areas
|z West (U.S.)
|x Growth.
|
| 650 |
|
0 |
|a Metropolitan areas
|z Canada, Western
|x History.
|
| 651 |
|
0 |
|a West (U.S.)
|x Economic conditions.
|
| 651 |
|
0 |
|a West (U.S.)
|x Social life and customs.
|
| 830 |
|
0 |
|a Histories of the American frontier.
|
| 938 |
|
|
|a YBP Library Services
|b YANK
|n 2828940
|
| 938 |
|
|
|a Baker & Taylor
|b BKTY
|c 34.95
|d 34.95
|i 0826333125
|n 0007841720
|s active
|
| 938 |
|
|
|a Baker and Taylor
|b BTCP
|n 2008017632
|
| 945 |
|
|
|a PromptCat
|b 539061
|
| 946 |
|
|
|a stk
|
| 947 |
|
|
|a A14836658016
|
| 994 |
|
|
|a 92
|b TXA
|
| 948 |
|
|
|a cataloged
|b h
|d 2008/10/30
|h c
|e asalazar
|f 1:01:22 pm
|
| 999 |
|
|
|a MARS
|
| 999 |
f |
f |
|s 728b078d-e4cb-3245-a46d-eec29aecc49e
|i 654478fc-7542-3e26-99ba-175d60ddefcf
|t 0
|
| 952 |
f |
f |
|p normal
|a Texas A&M University
|b College Station
|c Sterling C. Evans Library
|d Evans: Library Stacks
|t 0
|e HT123.5.W48 A33 2008
|h Library of Congress classification
|i unmediated -- volume
|m A14836658016
|
| 952 |
f |
f |
|p normal
|a Texas A&M University
|b Galveston Campus
|c Jack K. Williams Library
|d Galveston Stacks
|t 0
|e HT123.5.W48 A33 2008
|h Library of Congress classification
|i unmediated -- volume
|m 33620001177654
|
| 998 |
f |
f |
|a HT123.5.W48 A33 2008
|t 0
|l Galveston Stacks
|
| 998 |
f |
f |
|a HT123.5.W48 A33 2008
|t 0
|l Evans: Library Stacks
|